Assessing the Awareness and Usage of Industry 4.0 Technologies: Empirical Evidence from a Slovak IT Company

Skúmanie povedomia, pochopenia a používania technológií Priemyslu 4.0 v malej slovenskej IT firme prostredníctvom kvalitatívnej prípadovej štúdie, založenej na pološtruktúrovanom rozhovore s generálnym riaditeľom spoločnosti a projektovým manažérom. Výsledky zdôrazňujú hodnotu prispôsobených digitál...

Descrizione completa

Salvato in:
Dettagli Bibliografici
Autore principale: Mészáros, Róbert, 1988-
Natura: Capitolo di libro
Lingua:inglese
Soggetti:
Tags: Aggiungi Tag
Nessun Tag, puoi essere il primo ad aggiungerne!!

MARC

LEADER 00000naa a2200000 4500
001 0308768
005 20250529075455.6
041 0 |a eng 
044 |a TH 
245 1 0 |a Assessing the Awareness and Usage of Industry 4.0 Technologies: Empirical Evidence from a Slovak IT Company  |c Róbert Mészáros 
520 |a Skúmanie povedomia, pochopenia a používania technológií Priemyslu 4.0 v malej slovenskej IT firme prostredníctvom kvalitatívnej prípadovej štúdie, založenej na pološtruktúrovanom rozhovore s generálnym riaditeľom spoločnosti a projektovým manažérom. Výsledky zdôrazňujú hodnotu prispôsobených digitálnych stratégií, funkčného nasadenia technológie a rozhodujúcej úlohy uvedomovania si riadenia pri uľahčovaní digitálnej transformácie v rámci malých IT podnikov. 
610 2 0 |a priemysel 4.0 
610 2 0 |a transformácia 
610 2 0 |a transformácia digitálna 
610 2 0 |a digitalizácia 
610 2 0 |a pokrok 
610 2 0 |a pokrok technologický 
610 2 0 |a technológie nové 
100 1 |a Mészáros, Róbert, 1988-